000 00853nam a2200241 a 4500
001 BRCA_5698
005 20190320205203.0
008 020311m19561971mx-a#####c---#000-0#spa-#
041 _aspa
044 _amx
050 4 _aN5030
_b.F47 1956
100 1 _aFernández, Justino
_d1904-1972
_96551
245 1 0 _aCatálogo de las exposiciones de arte en 1955
_bAnales del Instituto de Investigaciones Estéticas
_cJustino Fernández.
260 _aMéxico
_bUNAM, Instituto de Investigaciones Estéticas
_c1956-1971
300 _a3 fasc.
_bil.
500 _aTambién se tiene 1969 y 1970
500 _aH21
505 0 _aContenido: Fasc.1. N.24, 1956. -- Fasc.2. N.39, 1970. -- Fasc.3. N.40, 1971
650 1 4 _aColeccionistas y colecciones
_zMéxico
_914474
710 2 _aInstituto de Investigaciones Estéticas
_911544
902 _aGFM
942 _2lcc
_cB
999 _c5391
_d5391